Statistics for Country Shooting Gallery #2

Click here to take the quiz!

General Stats

  • This quiz has been taken 102 times
  • The average score is 19 of 25

Answer Stats

Answer% Correct
Switzerland
87%
South Korea
86%
Tajikistan
84%
Turkmenistan
83%
South Sudan
82%
Suriname
82%
Sweden
82%
Turkey
82%
Sudan
81%
South Africa
80%
Tuvalu
79%
Swaziland
78%
Syria
77%
Togo
77%
Tonga
77%
Tanzania
76%
Tunisia
74%
Somalia
73%
Spain
73%
Trinidad and Tobago
69%
Solomon Islands
68%
Thailand
68%
Sri Lanka
67%
Slovenia
61%
Taiwan
60%

Score Distribution

Percentile by Number Answered

Percent of People with Each Score

Your Score History

You have not taken this quiz